Minecraft 1.2 - Statistics

General Stats
  • This quiz has been taken 20 times
  • The average score is 11 of 13
Answer Stats
Picture Answer % Correct
Birch Planks
95%
Jungle Planks
95%
Fire Charge
89%
Jungle Leaves
89%
Jungle Log
89%
Jungle Sapling
89%
Redstone Lamp
89%
Spruce Planks
84%
Ocelot Spawn Egg
79%
Bottle o'Enchanting
74%
Chiseled Sandstone
74%
Chiseled Stone Bricks
74%
Cut Sandstone
58%
No matching quizzes found
Score Distribution
Percent of People with Each Score
Percentile by Number Answered
Your Score History
You have not taken this quiz